| 000 | 00448nam a22001337a 4500 | ||
|---|---|---|---|
| 008 | 230410b |||||||| |||| 00| 0 eng d | ||
| 040 |
_aNational Science Library _cNational Science Library |
||
| 080 |
_a338:622(047.1)(540) _bK5 |
||
| 245 |
_aStudy on iron ore in India _c/ India, Committee on Natural Resources |
||
| 260 |
_aNew Delhi: _bCommittee on Natural Resources, _c1965 |
||
| 300 |
_avi, 92p. _b2 maps |
||
| 650 | _aIndia | ||
| 942 |
_2udc _cREP |
||
| 999 |
_c19744 _d19744 |
||